Sports Quiz

Random Sports or NCAA Quiz

NCAA Cotton Bowl Participants Quiz Stats

 Plays Quiz not verified by Sporcle

Score 0/46 Timer 08:00
0 Plays Today
# Games Schools/Teams % Correct
22Texas Longhorns
99.3%
2Oklahoma Sooners
97.6%
13Texas A&M Aggies
97.3%
7Alabama Crimson Tide
95.4%
12Arkansas Razorbacks
95.2%
5LSU Tigers
94.4%
4Oklahoma State Cowboys
93.1%
5Ole Miss Rebels
92.3%
7Notre Dame Fighting Irish
92%
2Auburn Tigers
92%
1USC Trojans
91.9%
4Texas Tech Red Raiders
91.7%
1Miami(Fla) Hurricanes
90.7%
3Kansas State Wildcats
90.6%
4Nebraska Cornhuskers
90.5%
6Tennessee Volunteers
90.3%
3Georgia Bulldogs
89.6%
2UCLA Bruins
89.6%
2Baylor Bears
89.1%
3Missouri Tigers
88.6%
2Colorado Buffaloes
88.2%
6TCU Horned Frogs
88.1%
1Florida State Seminoles
87.9%
# Games Schools/Teams % Correct
4Houston Cougars
87.1%
4SMU Mustangs
86.1%
1Mississippi State Bulldogs
85%
4Rice Owls
81.6%
1Ohio State Buckeyes
80.4%
2Oregon Ducks
80.2%
3Penn State Nittany Lions
79.4%
2Georgia Tech Yellow Jackets
79.1%
1Kentucky Wildcats
75.2%
1North Carolina Tar Heels
74.1%
1Clemson Tigers
73.2%
2Navy Midshipmen
72.8%
2Syracuse Orangemen
71.5%
1BYU Cougars
71%
1Pittsburgh Panthers
68.9%
1Duke Blue Devils
68.7%
1Maryland Terrapins
68%
2Boston College Eagles
62.4%
1Randolph Field Ramblers
55.4%
1Air Force Falcons
53.9%
1St Mary's(CA) Gaels
18.4%
1Fordham Rams
14.9%
1Marquette Golden Avalanche
11.9%

You're not logged in!

Compare scores with friends on all Sporcle quizzes.
OR
Log In

Show Comments

Extras

Top Quizzes Today


Score Distribution

Your Account Isn't Verified!

In order to create a playlist on Sporcle, you need to verify the email address you used during registration. Go to your Sporcle Settings to finish the process.

Report this User

Report this user for behavior that violates our Community Guidelines.

Details: